Human Resource Management <A> Practical Approach

Gespeichert in:
Bibliographische Detailangaben
1. Verfasser: Gordon, Judith R.
Format: Buch
Sprache:Englisch
Veröffentlicht: Boston Allyn and Bacon 1986
Ausgabe:1. ed.
Schlagworte:
Tags: Tag hinzufügen
Keine Tags, Fügen Sie das erste Tag hinzu!

MARC

LEADER 00000nam a2200000 4500
001 c018896
005 20221207073630.4
020 |a 0-205-08604-7 
041 0 |a eng 
044 |a US 
245 1 0 |a Human Resource Management  |b <A> Practical Approach  |c Judith R. Gordon 
250 |a 1. ed. 
264 1 |a Boston  |b Allyn and Bacon  |c 1986 
300 |a 771 s. 
610 2 0 |a zdroje ľudské 
610 2 0 |a manažment personálny 
610 2 0 |a zamestnanci 
610 2 0 |a zamestnávatelia 
610 2 0 |a vzťahy pracovné 
610 2 0 |a vzdelávanie ďalšie 
610 2 0 |a starostlivosť o pracovníkov 
100 1 |a Gordon, Judith R.